VfB Stuttgart Kader 23/24 - Statistiken

Allgemein
  • Dieses Quiz wurde 157 mal gespielt
  • Das Durchschnittsergebnis liegt bei 19 aus 28
Antwortstatistiken
Hint Antwort % Korrekt
33 Alexander Nübel
99%
9 Serhou Guirassy
95%
2 Waldemar Anton
95%
26 Deniz Undav
94%
1 Fabian Bredlow
92%
27 Chris Führich
89%
7 Maximilian Mittelstädt
88%
6 Angelo Stiller
87%
16 Atakan Karazor
85%
8 Enzo Millot
85%
21 Hiroki Ito
85%
23 Dan-Axel Zagadou
82%
14 Silas
80%
18 Jamie Leweling
76%
4 Josha Vagnoman
75%
15 Pascal Stenzel
69%
20 Leonidas Stergiou
68%
41 Dennis Seimen
62%
10 Woo-Yeong Jeong
62%
29 Anthony Rouault
56%
5 Mahmoud Dahoud
48%
42 Florian Schock
47%
17 Genki Haraguchi
46%
25 Lilian Egloff
43%
40 Luca Raimund
41%
32 Roberto Massimo
35%
28 Nikolas Nartey
29%
36 Laurin Ulrich
25%
Keine übereinstimmenden Quizze gefunden
Verteilung der Resultate
Anzahl Personen mit jedem Resultat
Perzentil nach korrekt beantworteten Fragen
Ihre Resultats-Entwicklung
Sie haben dieses Quiz noch nicht gespielt